000 00468nab a2200145Ia 4500
003 ES-SlBCS
005 20220423201909.0
008 140529s2008 xxu||||| |||| 00| 0 fre d
041 _afre
100 1 _aBühler, Pierre
_910824
245 0 0 _aLa théologie est-elle encore de la théologie? Un contrepoint
_c Pierre Bühler
650 0 4 _aTeología
_91600
773 0 _tRevue de Theologie et de Philosophie
_gvol. 140, nº. 4, 2008, págs. 351-364
_wRev1459
942 _cAR
999 _c556648
_d556648